El federalista / (Record no. 10721)
[ view plain ]
| 000 -LEADER | |
|---|---|
| fixed length control field | 00770nam a22002537a 4500 |
| 003 - CONTROL NUMBER IDENTIFIER | |
| control field | AR-FvUNAJ |
| 005 - DATE AND TIME OF LATEST TRANSACTION | |
| control field | 20250221140756.0 |
| 008 - FIXED-LENGTH DATA ELEMENTS--GENERAL INFORMATION | |
| fixed length control field | 230904s2021 | |||| 00| 0 spa d |
| 020 ## - INTERNATIONAL STANDARD BOOK NUMBER | |
| International Standard Book Number | 968-16-1051-2 |
| 040 ## - CATALOGING SOURCE | |
| Transcribing agency | AR-FvUNAJ |
| Modifying agency | AR-FvUNAJ |
| Description conventions | aacr2 |
| 082 14 - DEWEY DECIMAL CLASSIFICATION NUMBER | |
| Edition number | 14 |
| Classification number | 342 |
| 100 1# - MAIN ENTRY--PERSONAL NAME | |
| 9 (RLIN) | 21206 |
| Personal name | Hamilton, A. |
| 245 13 - TITLE STATEMENT | |
| Title | El federalista / |
| Statement of responsibility, etc | A. Hamilton, J. Madison, J. y J. Jay |
| 250 ## - EDITION STATEMENT | |
| Edition statement | 6a reimpr. |
| 260 ## - PUBLICATION, DISTRIBUTION, ETC. (IMPRINT) | |
| Place of publication, distribution, etc | México: |
| Name of publisher, distributor, etc | Fondo de Cultura Económica, |
| Date of publication, distribution, etc | 1998 |
| 300 ## - PHYSICAL DESCRIPTION | |
| Extent | xxiv, 430 p. |
| 440 ## - SERIES STATEMENT/ADDED ENTRY--TITLE | |
| 9 (RLIN) | 21209 |
| Title | Política y Derecho |
| 650 27 - SUBJECT ADDED ENTRY--TOPICAL TERM | |
| 9 (RLIN) | 12171 |
| Topical term or geographic name as entry element | HISTORIA CONSTITUCIONAL |
| Source of heading or term | unescot |
| 650 27 - SUBJECT ADDED ENTRY--TOPICAL TERM | |
| 9 (RLIN) | 12064 |
| Topical term or geographic name as entry element | CONSTITUCIONALISMO |
| Source of heading or term | saijt |
| 651 27 - SUBJECT ADDED ENTRY--GEOGRAPHIC NAME | |
| 9 (RLIN) | 3085 |
| Geographic name | ESTADOS UNIDOS |
| Source of heading or term | unescot |
| 700 1# - ADDED ENTRY--PERSONAL NAME | |
| 9 (RLIN) | 21207 |
| Personal name | Madison, J. |
| 700 1# - ADDED ENTRY--PERSONAL NAME | |
| 9 (RLIN) | 21208 |
| Personal name | Jay, J. |
| 942 ## - ADDED ENTRY ELEMENTS (KOHA) | |
| Source of classification or shelving scheme | Dewey Decimal Classification |
| Koha item type | Libro, folleto, traducción |
| 980 ## - EQUIVALENCE OR CROSS-REFERENCE-SERIES STATEMENT--PERSONAL NAME/TITLE [LOCAL, CANADA] | |
| Linkage | 19226 |
| Personal name | Palazón Marcela I. |
| Field link and sequence number | 19226 |
| Miscellaneous information | Palazón Marcela I. |
| Withdrawn status | Lost status | Source of classification or shelving scheme | Damaged status | Not for loan | Home library | Current library | Date acquired | Total Checkouts | Full call number | Barcode | Date last seen | Copy number | Price effective from | Koha item type |
|---|---|---|---|---|---|---|---|---|---|---|---|---|---|---|
| Dewey Decimal Classification | Biblioteca Central | Biblioteca Central | 21/02/2025 | 342 HAM | UNAJ25020186 | 21/02/2025 | 1 | 21/02/2025 | Libro, folleto, traducción |